[Event "AUTO-OPEN-2904"]
[Site "http://www.queenalice.com/game.php?id=1267981"]
[Date "2014.3.25"]
[Round "3"]
[White "LUKK"]
[Black "Luc_2010"]
[Result "1-0"]
[WhiteElo "2681"]
[BlackElo "2336"]

1. g4 g6 2. Bg2 Bg7 3. c4 d5 4. cxd5 Qxd5 5. Bxd5 e6 6. Bb3 Nf6 7. g5 Nfd7 8. h4
O-O 9. d3 Nc6 10. Nc3 Nd4 11. Nf3 1-0

[Event "AUTO-OPEN-2904"]
[Site "http://www.queenalice.com/game.php?id=1267982"]
[Date "2014.3.25"]
[Round "3"]
[White "Luc_2010"]
[Black "LUKK"]
[Result "1-0"]
[WhiteElo "2356"]
[BlackElo "2677"]

1. c4 g6 2. Nf3 Bg7 3. c5 d6 4. cxd6 Qxd6 5. Qb3 b6 6. d3 Bg4 7. h3 Bxf3 8. gxf3
Nf6 9. Bg2 O-O 10. f4 Nc6 11. Bxc6 Qxc6 12. O-O Qd5 13. Qxd5 Nxd5 14. e4 Nxf4
15. Bxf4 Bxb2 16. Nd2 Bxa1 17. Rxa1 c5 18. Nc4 1-0

[Event "AUTO-ELITE-1312"]
[Site "http://www.queenalice.com/game.php?id=1269922"]
[Date "2014.4.2"]
[Round "1"]
[White "Luc_2010"]
[Black "capaputi"]
[Result "1-0"]
[WhiteElo "2368"]
[BlackElo "2216"]

1. h3 e5 2. e4 Nf6 3. Nc3 Nc6 4. Nf3 d5 5. exd5 Nxd5 6. Bb5 Nxc3 7. bxc3 Bd6 8.
O-O O-O 9. d4 e4 10. Ng5 Bf5 11. f3 exf3 12. Qxf3 Bg6 13. Rb1 Qe7 14. Bd3 Rab8
15. Bd2 h6 16. Ne4 Qe6 17. d5 Qe5 18. Nxd6 Qxd6 19. dxc6 bxc6 20. Bf4 Qc5+ 21.
Qe3 Qa3 22. Rxb8 1-0

[Event "AUTO-ELITE-1312"]
[Site "http://www.queenalice.com/game.php?id=1269923"]
[Date "2014.4.2"]
[Round "1"]
[White "capaputi"]
[Black "Luc_2010"]
[Result "0-1"]
[WhiteElo "2214"]
[BlackElo "2375"]

1. e4 g6 2. d4 Bg7 3. Nc3 d6 4. f4 Nf6 5. Nf3 O-O 6. Bd3 Nc6 7. O-O Bg4 8. Be3
e5 9. fxe5 dxe5 10. d5 Nd4 11. Be2 Re8 12. Bg5 c6 13. Nxd4 exd4 14. Bxg4 dxc3
15. Bxf6 Bxf6 16. Qf3 cxb2 17. Rab1 Qb6+ 18. Kh1 Bg7 19. Qxf7+ Kh8 20. dxc6 bxc6
21. Qc4 Rad8 22. Rf7 Rd4 23. Qb3 Qxb3 0-1

[Event "AUTO-ELITE-1312"]
[Site "http://www.queenalice.com/game.php?id=1269924"]
[Date "2014.4.2"]
[Round "1"]
[White "Luc_2010"]
[Black "sergiogvh"]
[Result "1-0"]
[WhiteElo "2395"]
[BlackElo "2216"]

1. h3 e5 2. e4 Nf6 3. Nc3 Bb4 4. a3 Bxc3 5. dxc3 O-O 6. Qf3 d5 7. exd5 Nxd5 8.
Bd2 Be6 9. O-O-O Nd7 10. c4 N5b6 11. Qxb7 Bxc4 12. Bxc4 Nxc4 13. Nf3 Qf6 14. Qe4
Ndb6 15. Rhe1 Nxd2 16. Rxd2 Qe6 17. Nxe5 Rae8 18. Rde2 Qa2 19. Qb4 Rd8 20. c4 c5
21. Qc3 Na4 22. Qc2 Rb8 23. Nd3 Nb6 24. Re4 Rfd8 25. g4 Nd7 26. Qb1 Qb3 27. g5
f6 28. h4 Nb6 29. Nxc5 Qf3 30. Ne6 Re8 31. Qc2 Rec8 32. Nxg7 Kxg7 33. Re7+ 1-0

[Event "AUTO-ELITE-1312"]
[Site "http://www.queenalice.com/game.php?id=1269925"]
[Date "2014.4.2"]
[Round "1"]
[White "sergiogvh"]
[Black "Luc_2010"]
[Result "0-1"]
[WhiteElo "2307"]
[BlackElo "2385"]

1. e4 g6 2. d4 Bg7 3. Nf3 d6 4. Bc4 Nf6 5. Nc3 O-O 6. O-O Nxe4 7. Nxe4 d5 8.
Bxd5 Qxd5 9. Nc3 Qc4 10. Ne5 Bxe5 11. dxe5 Nc6 12. Re1 Rd8 13. Bd2 Bf5 14. e6 f6
15. h3 Nd4 16. Rc1 Rac8 17. Re3 c5 18. a3 Bxe6 19. Qe1 Rd7 20. b3 Qa6 21. Ne2
Kf7 22. Nf4 Bf5 23. Nd3 Nxc2 24. Rxc2 Bxd3 25. Rc3 e5 26. a4 Bf5 27. Re2 c4 28.
f4 Bd3 29. Rf2 e4 30. f5 gxf5 31. Qd1 Qe6 32. Qh5+ Kg8 33. Rxf5 e3 34. Be1 Qxf5
0-1

[Event "Aspayne"]
[Site "http://www.queenalice.com/game.php?id=1283334"]
[Date "2014.5.22"]
[Round "2"]
[White "Luc_2010"]
[Black "ramonigerpawn"]
[Result "1-0"]
[WhiteElo "2364"]
[BlackElo "2089"]

1. g4 d5 2. c4 Bxg4 3. Qb3 Qd6 4. cxd5 e6 5. Qxb7 Qxd5 6. Bg2 Qc4 7. Qc8+ Ke7 8.
Nc3 Kf6 9. Qxf8 Ne7 10. Qxh8 Nd5 11. Qd8+ Kg6 12. d3 Qb4 13. Qg5# 1-0

[Event "Aspayne"]
[Site "http://www.queenalice.com/game.php?id=1309361"]
[Date "2014.9.20"]
[Round "3"]
[White "deep"]
[Black "Luc_2010"]
[Result "0-1"]
[WhiteElo "2202"]
[BlackElo "2384"]

1. d4 g6 2. e4 Bg7 3. Nf3 d6 4. c4 c5 5. Nc3 cxd4 6. Nxd4 Nc6 7. Be3 Qb6 8. Ndb5
Bxc3+ 9. bxc3 Qa5 10. Qc2 Nf6 11. f3 O-O 12. Be2 Be6 13. O-O Ne5 14. Qb3 Rfc8
15. Bg5 Bxc4 16. Bxc4 Nxc4 17. Rfd1 a6 18. Bxf6 exf6 19. Nd4 Rc7 20. Ne2 Qg5 21.
Rd3 Re8 22. Ng3 h5 23. Nf1 h4 24. Re1 h3 25. g3 Qc5+ 26. Ne3 Ne5 27. Rd5 Nxf3+
28. Kf2 Nxe1 29. Rxc5 Nd3+ 30. Kf3 Nxc5 31. Qb6 Rc6 32. Qa7 Nxe4 33. Nd5 Re5 34.
Qxb7 Rc5 35. Nf4 Rxc3+ 0-1

[Event "Aspayne"]
[Site "http://www.queenalice.com/game.php?id=1328917"]
[Date "2014.12.18"]
[Round "4"]
[White "Luc_2010"]
[Black "q_u_i_n_t_e_t"]
[Result "1-0"]
[WhiteElo "2411"]
[BlackElo "2131"]

1. g4 d5 2. c4 dxc4 3. Qa4+ c6 4. Qxc4 e6 5. Nf3 b5 6. Qb3 Be7 7. Bg2 Nf6 8. g5
Nh5 9. Qe3 O-O 10. d4 Nd7 11. Nc3 Bb7 12. O-O b4 13. Ne4 g6 14. Ne5 Ng7 15. Nxd7
Qxd7 16. Nc5 Bxc5 17. dxc5 Nf5 18. Qe5 Qe7 19. e4 Ng7 20. Bd2 a5 21. a3 Rfd8 22.
Rfd1 Rd7 23. Be3 Rxd1+ 24. Rxd1 bxa3 25. bxa3 Qf8 26. Bd4 a4 27. Bc3 Ba6 28. Rd7
Rc8 29. Bh3 Bc4 30. Bg4 Rb8 31. h4 Rb1+ 32. Kg2 Bf1+ 33. Kh2 Rb3 34. Bd4 Rd3 35.
Rd8 Rxd4 36. Qxd4 Ne8 37. Qd7 Kg7 38. Rxe8 1-0

[Event "AUTO-ELITE-1312"]
[Site "http://www.queenalice.com/game.php?id=1336041"]
[Date "2015.1.21"]
[Round "2"]
[White "tucot"]
[Black "Luc_2010"]
[Result "0-1"]
[WhiteElo "2311"]
[BlackElo "2435"]

1. e4 g6 2. d4 Bg7 3. Nf3 d6 4. h3 Nf6 5. Nc3 O-O 6. Be3 d5 7. e5 Ne4 8. Nxe4
dxe4 9. Ng5 Qd5 10. c4 Qa5+ 11. Bd2 Qb6 12. Bc3 c5 13. d5 Nd7 14. f4 exf3 15.
Nxf3 Qc7 16. Qe2 b5 17. b3 bxc4 18. bxc4 f6 19. e6 Nb6 20. Qf2 Ba6 21. Rc1 Bxc4
22. Bxc4 Nxc4 23. O-O Bh6 24. Rce1 Nb6 25. Qh4 Bf4 26. Rd1 Rad8 27. Ba5 Qb8 28.
Kh1 Rxd5 29. Bxb6 Rxd1 30. Rxd1 axb6 31. Rd7 Re8 32. Qg4 b5 33. Nh4 Qe5 34. Qd1
Qxe6 0-1

[Event "AUTO-ELITE-1312"]
[Site "http://www.queenalice.com/game.php?id=1336042"]
[Date "2015.1.21"]
[Round "2"]
[White "Luc_2010"]
[Black "tucot"]
[Result "1-0"]
[WhiteElo "2449"]
[BlackElo "2262"]

1. g4 e5 2. c4 Nc6 3. Nc3 Bc5 4. Nf3 d6 5. g5 h6 6. d3 hxg5 7. Bxg5 f6 8. Bd2 g5
9. Bc1 Nge7 10. Nd2 f5 11. Nb3 Ng6 12. Nxc5 dxc5 13. h3 Nd4 14. Rg1 Ne6 15. Qb3
c6 16. Qa4 Bd7 17. Be3 a6 18. O-O-O b5 19. Qc2 Qe7 20. Kb1 Nh4 21. Qc1 Rh5 22.
b3 O-O-O 23. Nd5 cxd5 24. cxd5 Nd4 25. Bxg5 Qd6 26. Bxd8 Kxd8 27. Rg8+ Kc7 28.
e3 Ndf3 29. d4 Qxd5 30. Qxc5+ Qxc5 31. dxc5 Rh7 32. Rd6 Bc6 33. Kb2 Rd7 34.
Rxd7+ Kxd7 35. Rg7+ Ke6 36. Rc7 Kd5 37. b4 Nd2 38. Be2 a5 39. a4 Nhf3 40. Bxb5
Bxb5 41. axb5 1-0

[Event "AUTO-ELITE-1291"]
[Site "http://www.queenalice.com/game.php?id=1345775"]
[Date "2015.3.5"]
[Round "2"]
[White "Luc_2010"]
[Black "FabioDavid"]
[Result "1-0"]
[WhiteElo "2443"]
[BlackElo "2407"]

1. c4 f5 2. Nf3 b6 3. g3 Bb7 4. Bg2 Nf6 5. O-O e6 6. d4 Be7 7. d5 Ne4 8. Nbd2
Nd6 9. Re1 O-O 10. e4 fxe4 11. Nxe4 Nxe4 12. Rxe4 exd5 13. cxd5 Na6 14. Re1 Bf6
15. Nd4 Re8 16. Be3 Kh8 17. a3 Re5 18. Rc1 Qg8 19. Nb5 Bxd5 20. f4 Bb3 21. fxe5
Bxd1 22. exf6 1-0

[Event "AUTO-ELITE-1291"]
[Site "http://www.queenalice.com/game.php?id=1345776"]
[Date "2015.3.5"]
[Round "2"]
[White "FabioDavid"]
[Black "Luc_2010"]
[Result "1/2-1/2"]
[WhiteElo "2400"]
[BlackElo "2450"]

1. b3 g6 2. Bb2 Nf6 3. e3 Bg7 4. Nf3 O-O 5. d4 c5 6. c4 b5 7. cxb5 cxd4 8. Nxd4
Bb7 9. Nd2 d6 10. Rc1 a6 11. Nc6 Qd7 12. Nxb8 Rfxb8 13. bxa6 Bxa6 14. Bxa6 Rxa6
15. a4 Qb7 16. O-O Nd7 17. Ba3 Rc6 18. Rxc6 Qxc6 19. Qc1 Qb7 20. Qc2 Rc8 21. Qe4
Qxe4 22. Nxe4 Rc2 23. Rc1 Ra2 24. Bb4 f5 25. Nd2 Ne5 26. Ba5 Nd3 27. Rc8+ Kf7
1/2-1/2

[Event "Let's Play Chess!"]
[Site "http://www.queenalice.com/game.php?id=1395439"]
[Date "2015.11.22"]
[Round "-"]
[White "LUKK"]
[Black "Luc_2010"]
[Result "1-0"]
[WhiteElo "2630"]
[BlackElo "2453"]

1. g4 g6 2. Bg2 Bg7 3. c4 d6 4. h3 Nf6 5. g5 Nfd7 6. h4 O-O 7. Qb3 b6 8. Bxa8
Na6 9. Bg2 Nac5 10. Qc2 Bb7 11. Bxb7 Nxb7 12. Nc3 Nbc5 13. Ne4 Nxe4 14. Qxe4 Nc5
15. Qb7 1-0

[Event "laos"]
[Site "http://www.queenalice.com/game.php?id=1430218"]
[Date "2016.7.3"]
[Round "1"]
[White "Bategoll"]
[Black "Luc_2010"]
[Result "1-0"]
[WhiteElo "1840"]
[BlackElo "2449"]

1. d4 g6 2. e4 Bg7 3. Nf3 d6 4. Nc3 Nf6 5. Bd3 O-O 6. O-O Nc6 7. Be3 Ng4 8. Bd2
Nxd4 9. Nxd4 Bxd4 10. h3 Nf6 11. a3 c6 12. Rb1 Qc7 13. Qf3 Nd7 14. Bh6 1-0